Luật sư nghèo

Guardat en:
Dades bibliogràfiques
Autor principal: JOHN GRISHAM
Format: Llibre
Idioma:Undetermined
Publicat: Văn nghệ Tp HCM 2001
Etiquetes: Afegir etiqueta
Sense etiquetes, Sigues el primer a etiquetar aquest registre!
Thư viện lưu trữ: Trung tâm Học liệu Trường Đại học Cần Thơ
LEADER 00399nam a2200145Ia 4500
001 CTU_49059
008 210402s9999 xx 000 0 und d
082 |a 813.54 
082 |b G869 
100 |a JOHN GRISHAM 
245 0 |a Luật sư nghèo 
245 0 |c JOHN GRISHAM, Hồng Vân 
260 |b Văn nghệ Tp HCM 
260 |c 2001 
980 |a Trung tâm Học liệu Trường Đại học Cần Thơ